000 00702cam a22002413a 4500
001 31024
003 PGUSA
005 20140828083654.0
008 100120s2010||||xxu|||||s|||||000 | eng d
040 _aPGUSA
_beng
042 _adc
050 4 _aTN
100 1 _aMulthauf, Robert P.,
_d1919-2004
245 1 0 _aMine Pumping in Agricola's Time and Later
_h[electronic resource] /
_cRobert P. Multhauf
260 _bProject Gutenberg,
_c2010
506 _aPublic domain in the USA.
516 _aElectronic text
653 _aMining machinery -- History
653 _aMine pumps -- History
830 0 _aProject Gutenberg
_v31024
856 4 0 _uhttp://www.gutenberg.org/ebooks/31024
942 _cEB
999 _c260279
_d260279